LEADER 01513nam 2200397 a 450 001 9910691918303321 005 20030624082407.0 035 $a(CKB)5470000002350234 035 $a(OCoLC)52484831 035 9 $aocm52484831 035 $a(OCoLC)995470000002350234 035 $a(EXLCZ)995470000002350234 100 $a20030624d1999 ua 0 101 0 $aeng 135 $auran|||||| 181 $ctxt$2rdacontent 182 $cc$2rdamedia 183 $acr$2rdacarrier 200 10$aPrivate banking$b[electronic resource] $eRaul Salinas, Citibank, and alleged money laundering : statement for the record of Robert H. Hast, Acting Assistant Comptroller General for Investigations, Office of Special Investigations 210 1$aWashington, D.C. (441 G St., NW, Rm. LM, Washington 20548) :$cU.S. General Accounting Office,$d[1999] 225 1 $aTestimony ;$vGAO/T-OSI-00-3 300 $aTitle from title screen (viewed on June 24, 2003). 300 $a"For release ... November 9, 1999." 300 $aPaper version available from: General Accounting Office, 441 G St., NW, Rm. LM, Washington, D.C. 20548. 320 $aIncludes bibliographical references. 517 $aPrivate banking 606 $aMoney laundering 615 0$aMoney laundering. 700 $aHast$b Robert H$01380817 712 02$aUnited States.$bGeneral Accounting Office. 801 0$bGPO 801 1$bGPO 906 $aBOOK 912 $a9910691918303321 996 $aPrivate banking$93429519 997 $aUNINA LEADER 01951nam2 2200409 i 450 001 MIL0392120 005 20231121125546.0 010 $a3519019175 100 $a19991011d1998 ||||0itac50 ba 101 | $alat 102 $ade 181 1$6z01$ai $bxxxe 182 1$6z01$an 200 1 $a˜2: œLibri 7.-9.$f[Valerius Maximus]$cIuli Paridis Epitoma, Fragmentum De praenominibus$cIanuari Nepotiani Epitoma$f[omnia] edidit John Briscoe 210 $aStutgardiae [etc.]$cin aedibus B. G. Teubneri$d1998 215 $aP. 436-888$d21 cm. 423 0$12001 $aIuli Paridis Epitoma.$1700 0$aIulius Paris$3CFIV039076$4070 423 0$12001 $aFragmentum De Praenominibus. 423 0$12001 $aIanuari Nepotiani Epitoma.$1700 0$aIanuarius Nepotianus$3CFIV039077$4070 461 1$1001MIL0392110$12001 $aValeri Maximi Facta et dicta memorabilia$v2 700 0$aValerius : Maximus$3CFIV039073$4070$0175510 702 1$aBriscoe$b, John$f <1938- >$3RAVV072990 790 0$aValerio : Massimo$3CFIV084099$zValerius : Maximus 790 0$aValère Maxime$3CFIV150503$zValerius : Maximus 790 0$aValère : Maxime$3CFIV161558$zValerius : Maximus 790 1$aValerius Maximus$b, Caius$3NAPV196433$zValerius : Maximus 790 1$aMaximus$b, Quintus Valerius$3NAPV196434$zValerius : Maximus 790 0$aValerio Massimo$3SIPV007115$zValerius : Maximus 801 3$aIT$bIT-01$c19991011 850 $aIT-RM028 $aIT-FR0017 899 $aBiblioteca Universitaria Alessandrina$bRM028 899 $aBiblioteca umanistica Giorgio Aprea$bFR0017 $eN 912 $aMIL0392120 950 2$aBiblioteca umanistica Giorgio Aprea$d 52BTL Val.Max 1.2*$e 52SBA0000181785 VMN RS $fC $h20150212$i20150212$d 52BTL Val.Max 1.2$e 52FLS0000204365 VMB RS $fC $h20150212$i20150212 977 $a 01$a 52 996 $aLibri 7.-9$93610453 997 $aUNICAS